| 000 | 01601cam a22003494i 4500 | ||
|---|---|---|---|
| 003 | PE-LiUPU | ||
| 005 | 20250731183359.0 | ||
| 008 | 150623s r 000 0 d | ||
| 035 | _a(Sirsi) a23049 | ||
| 040 |
_aPE-LiUPU _bspa _cPE-LiUPU _erda |
||
| 082 | 0 | 4 |
_a778.53 _bB321954 _221 |
| 100 | 1 |
_aBedoya, Ricardo, _d1954-, _eautor. |
|
| 245 | 1 | 0 |
_aImágenes del cine en el Perú / _cRicardo Bedoya. |
| 264 | 1 |
_aLima : _bBanco Central de Reserva del Perú, Fondo Editorial, _c1999. |
|
| 300 |
_a107 páginas : _bilustraciones fotos ; _c25 cm. |
||
| 336 |
_atext _2rdacontent |
||
| 337 |
_aunmediated _2rdamedia |
||
| 338 |
_avolume _2rdacarrier |
||
| 505 | 0 | _aUn largo camino. -Algunas figuras importantes. -El cine peruano haciéndose. -Una visión de lo andino. -Extranjeros en el Perú. -Insólitos y marginales. -Los géneros y el cine peruano. -La cultura cinematográfica. -Crisis y renacimiento de una actividad. -El cine peruano, mañana. | |
| 526 | _aP158 | ||
| 526 | _aP146 | ||
| 526 | _aP17 | ||
| 526 | _aP12 | ||
| 526 | _aP06 | ||
| 650 | 0 | 4 |
_aCinematografía _zPerú _xHistoria. |
| 650 | 0 | 4 |
_aProductores y directores de películas cinematográficas _zPerú. |
| 942 |
_2ddc _cBOOK |
||
| 949 |
_a778.53 B32 1954 _wDEWEY _c1 _i47108 _lCCODEBUL1 _mBUL _p00.00 _r0 _sY _tBOOK _u2015-06-24 _xBIBLIOTECA _zUNKNOWN _0COMPRA _o.STAFF. Colección General |
||
| 596 | _a1 | ||
| 999 |
_a778.53 B32 1954 _wDEWEY _c23683 _i47108 _d23683 _f2021-11-8 _g7 _lCCODEBUL1 _mBUL _q4 _r0 _sY _tBOOK _u2015-6-24 _xEDUCACION _zUNKNOWN _0COMPRA _o.STAFF. Colección General |
||
| 980 |
_81 _gALBERTO SANCHEZ Responsable de Automatización |
||